000 00665nam a2200217Ia 4500
001 5678
003 GE_BSU
008 181216s||||||||xx |||||||||||||| ||und||
040 _cGE_BSU
080 _a51
100 _aКурант Р. Роббинс Г.
245 _aЧто такое математика.
245 _bЭлементарный очерк идей и методов.
245 _cПер. с английского. Под. Ред. В.Л. Гончарова.
260 _aМосква
260 _bГостехиздат
260 _c1947
300 _a664 с. 20 см.
653 _aЧто такое математика.
942 _cBK
999 _c39103
_d39103